[Event "Bad Woerishofen Seniors op 32nd"]
[Site "Bad Woerishofen"]
[Date "2016.03.05"]
[Round "9"]
[White "Mahrla, Hans"]
[Black "Erdmann, Wolfgang"]
[Result "1/2-1/2"]
[WhiteElo "1820"]
[BlackElo "1729"]
[PlyCount "35"]
[EventDate "2016.02.26"]
[EventType "swiss"]
[EventRounds "9"]
[EventCountry "GER"]
[SourceTitle "EXT 2019"]
[Source "ChessBase"]
[SourceDate "2018.10.10"]
[SourceVersion "1"]
[SourceVersionDate "2018.10.10"]
[SourceQuality "1"]

1. e4 d6 2. d4 Nf6 3. Bd3 g6 4. f4 Bg4 5. Nf3 Bg7 6. c3 Nbd7 7. e5 Nd5 8. 0-0 e6 9. Qe1 Bxf3 10. Rxf3 Qe7 11. Nd2 c5 12. Ne4 dxe5 13. fxe5 0-0 14. Qg3 cxd4 15. cxd4 f6 16. exf6 N7xf6 17. Nxf6+ Rxf6 18. Bf4 1/2-1/2

[Event "Bad Woerishofen Seniors op 32nd"]
[Site "Bad Woerishofen"]
[Date "2016.03.01"]
[Round "5"]
[White "Erdmann, Wolfgang"]
[Black "Schmid, Arnold"]
[Result "1-0"]
[WhiteElo "1729"]
[BlackElo "1578"]
[PlyCount "105"]
[EventDate "2016.02.26"]
[EventType "swiss"]
[EventRounds "9"]
[EventCountry "GER"]
[SourceTitle "EXT 2019"]
[Source "ChessBase"]
[SourceDate "2018.10.10"]
[SourceVersion "1"]
[SourceVersionDate "2018.10.10"]
[SourceQuality "1"]

1. d4 d5 2. Nf3 Nf6 3. e3 c6 4. Bd3 Bg4 5. Nbd2 e6 6. h3 Bh5 7. c3 Bd6 8. 0-0 0-0 9. e4 dxe4 10. Nxe4 Nxe4 11. Bxe4 Nd7 12. Qe2 Nf6 13. Bc2 Re8 14. Bg5 e5 15. g4 exd4 16. Qd3 Bg6 17. Qd2 Bxc2 18. Qxc2 dxc3 19. Qxc3 Be7 20. Qb3 Qc7 21. Rae1 Nd5 22. Be3 Nxe3 23. Qxe3 Kf8 24. Qd3 g6 25. Qc3 Kg8 26. Qc4 Bf6 27. Re2 Rxe2 28. Qxe2 Qb6 29. Rb1 Rd8 30. b3 c5 31. Rc1 Qb4 32. Rc2 b6 33. Rd2 Bd4 34. Qe7 Rf8 35. Rxd4 Qc3 36. Rd8 Rxd8 37. Qxd8+ Kg7 38. Qd5 Qf6 39. Qe5 Qxe5 40. Nxe5 Kf6 41. Nc4 Kg5 42. Kg2 Kf4 43. Nd2 b5 44. Kf1 a5 45. Ke2 g5 46. Kd3 h6 47. Ke2 f6 48. Kd3 f5 49. gxf5 Kxf5 50. Ke3 h5 51. f3 h4 52. Ne4 c4 53. bxc4 1-0

[Event "Bad Woerishofen Seniors op 32nd"]
[Site "Bad Woerishofen"]
[Date "2016.02.26"]
[Round "1"]
[White "Erdmann, Wolfgang"]
[Black "Vonach, Bernhard"]
[Result "0-1"]
[WhiteElo "1729"]
[BlackElo "1999"]
[PlyCount "106"]
[EventDate "2016.02.26"]
[EventType "swiss"]
[EventRounds "9"]
[EventCountry "GER"]
[SourceTitle "EXT 2019"]
[Source "ChessBase"]
[SourceDate "2018.10.10"]
[SourceVersion "1"]
[SourceVersionDate "2018.10.10"]
[SourceQuality "1"]

1. d4 Nf6 2. Nf3 d5 3. e3 e6 4. Bd3 c5 5. c3 b6 6. Qe2 Bb7 7. 0-0 Be7 8. Nbd2 Ne4 9. Bb5+ Kf8 10. Bd3 g6 11. Kh1 Kg7 12. Ng1 f5 13. f3 Nf6 14. Qf2 Rf8 15. Ne2 Bd6 16. g3 Nbd7 17. Nf4 Qe7 18. Re1 e5 19. Ng2 Rae8 20. Nf1 Rf7 21. Kg1 Qd8 22. Bd2 c4 23. Bc2 e4 24. h3 exf3 25. Qxf3 Ne4 26. Bxe4 fxe4 27. Qe2 Qg5 28. Nf4 h5 29. h4 Qf6 30. Qg2 Qf5 31. Re2 Nf6 32. Nh2 Ng4 33. Rf1 Nxh2 34. Qxh2 Qg4 35. Ref2 Ref8 36. Kg2 Bxf4 37. exf4 Bc8 38. Be3 Qd7 39. a3 Qa4 40. Kg1 a5 41. Rc2 Rb7 42. Rcc1 b5 43. Qc2 Qxc2 44. Rxc2 b4 45. Ra1 bxc3 46. bxc3 Bd7 47. Rcc1 Rfb8 48. Ra2 Ba4 49. Re1 Rb3 50. Bd2 Kf6 51. Kg2 Rb2 52. Rxb2 Rxb2 53. Rd1 Bxd1 0-1

[Event "Bayern-ch Seniors 25th"]
[Site "Bergen"]
[Date "2013.06.21"]
[Round "8.37"]
[White "Erdmann, Wolfgang"]
[Black "Riegler, Markus"]
[Result "0-1"]
[WhiteElo "1477"]
[BlackElo "1641"]
[PlyCount "86"]
[EventDate "2013.06.15"]
[EventType "swiss"]
[EventRounds "9"]
[EventCountry "GER"]
[SourceTitle "EXT 2022"]
[Source "ChessBase"]
[SourceDate "2021.10.06"]
[SourceVersion "1"]
[SourceVersionDate "2021.10.06"]
[SourceQuality "1"]

1. d4 d6 2. Nf3 Nf6 3. e3 Bg4 4. Nbd2 Nbd7 5. h3 Bh5 6. g4 Bg6 7. Nh4 e5 8. Nxg6 hxg6 9. c3 Be7 10. Bg2 c6 11. e4 Nb6 12. Nb3 Nfd7 13. Be3 Nc4 14. Bc1 Bf6 15. Nd2 Ndb6 16. b3 Nxd2 17. Qxd2 Nd7 18. Bb2 Qa5 19. 0-0 exd4 20. b4 dxc3 21. Bxc3 Bxc3 22. Qxc3 Qe5 23. Qd3 g5 24. Rad1 Rh6 25. Rd2 Rd8 26. Re2 Nf8 27. Qe3 a6 28. Rfe1 Ne6 29. Qg3 Nf4 30. a3 Ke7 31. Rd1 Nxh3+ 32. Bxh3 Qxg3+ 33. fxg3 Rxh3 34. Kg2 Rdh8 35. Kf3 Rh2 36. Rdd2 Rxe2 37. Rxe2 Rh1 38. Kg2 Ra1 39. Re3 Ke6 40. Kf3 Ke5 41. Ke2 Ra2+ 42. Kd3 Rxa3+ 43. Ke2 Rxe3+ 0-1

[Event "Bayern-ch Seniors 25th"]
[Site "Bergen"]
[Date "2013.06.20"]
[Round "7.38"]
[White "Friedrich, Horst"]
[Black "Erdmann, Wolfgang"]
[Result "1-0"]
[WhiteElo "1569"]
[BlackElo "1477"]
[PlyCount "45"]
[EventDate "2013.06.15"]
[EventType "swiss"]
[EventRounds "9"]
[EventCountry "GER"]
[SourceTitle "EXT 2022"]
[Source "ChessBase"]
[SourceDate "2021.10.06"]
[SourceVersion "1"]
[SourceVersionDate "2021.10.06"]
[SourceQuality "1"]

1. d4 Nf6 2. Nc3 c6 3. e4 d6 4. f4 g6 5. Nf3 e6 6. Bd3 Bg7 7. 0-0 0-0 8. e5 Nd5 9. Ne4 dxe5 10. fxe5 h6 11. Qe1 Nc7 12. Be3 Ne8 13. Qg3 b6 14. Nh4 Ba6 15. c4 Nd7 16. Nxg6 fxg6 17. Qxg6 Rxf1+ 18. Rxf1 Nf8 19. Qf7+ Kh8 20. Qh5 Rc8 21. Ng5 Kg8 22. Rxf8+ Bxf8 23. Qf7+ 1-0

[Event "Bayern-ch Seniors 25th"]
[Site "Bergen"]
[Date "2013.06.16"]
[Round "2.40"]
[White "Malik, Heinz"]
[Black "Erdmann, Wolfgang"]
[Result "1/2-1/2"]
[WhiteElo "1645"]
[BlackElo "1477"]
[PlyCount "73"]
[EventDate "2013.06.15"]
[EventType "swiss"]
[EventRounds "9"]
[EventCountry "GER"]
[SourceTitle "EXT 2022"]
[Source "ChessBase"]
[SourceDate "2021.10.06"]
[SourceVersion "1"]
[SourceVersionDate "2021.10.06"]
[SourceQuality "1"]

1. d4 Nf6 2. Nf3 d6 3. c4 g6 4. Nc3 Bg7 5. e4 0-0 6. Be2 c6 7. 0-0 Qc7 8. h3 e5 9. Be3 b6 10. Qd2 Bb7 11. Bh6 Rd8 12. Bxg7 Kxg7 13. Qe3 Na6 14. a3 Qe7 15. d5 Nc7 16. b4 c5 17. bxc5 bxc5 18. Rab1 Rab8 19. Rb2 Ba6 20. Rfb1 Rxb2 21. Rxb2 Nce8 22. Nd2 Qc7 23. Nb5 Qb6 24. Rb3 Rb8 25. a4 Bc8 26. Nc3 Qc7 27. Rxb8 Qxb8 28. Kh2 a6 29. Qd3 Nd7 30. Qb1 Qxb1 31. Ndxb1 Nb6 32. Nd2 f5 33. a5 Nd7 34. exf5 gxf5 35. g4 Ndf6 36. f3 Kg6 37. Bd3 1/2-1/2

[Event "Bayern-ch Seniors 24nd"]
[Site "Bergen"]
[Date "2012.06.21"]
[Round "6"]
[White "Erdmann, Wolfgang"]
[Black "Wolfram, Gisbert"]
[Result "1/2-1/2"]
[WhiteElo "1539"]
[BlackElo "1616"]
[PlyCount "66"]
[EventDate "2012.06.16"]
[EventType "swiss"]
[EventRounds "9"]
[EventCountry "GER"]
[SourceTitle "EXT 2015"]
[Source "ChessBase"]
[SourceDate "2014.11.20"]
[SourceVersion "1"]
[SourceVersionDate "2014.11.20"]
[SourceQuality "1"]

1. d4 Nf6 2. Nf3 g6 3. e3 d5 4. Bd3 Bg7 5. 0-0 0-0 6. Nbd2 Bg4 7. h3 Bxf3 8. Qxf3 e6 9. Re1 Nc6 10. c3 e5 11. Qe2 e4 12. Bc2 Qe7 13. c4 Nb4 14. Bb1 dxc4 15. Qxc4 Na6 16. a3 c6 17. b4 Rfe8 18. Qc2 Rac8 19. Bb2 Nc7 20. Qc5 Qxc5 21. bxc5 Re7 22. Nc4 Nce8 23. Nd2 Kh8 24. Bc2 Nc7 25. Rab1 Ncd5 26. Ba1 Rd8 27. Rb3 b6 28. cxb6 Nxb6 29. Rc3 Rc8 30. Bb3 Nfd5 31. Rc2 f5 32. Nc4 Nxc4 33. Bxc4 Nb6 1/2-1/2

[Event "Bayern-ch Seniors 24nd"]
[Site "Bergen"]
[Date "2012.06.19"]
[Round "4"]
[White "Erdmann, Wolfgang"]
[Black "Niedermaier, Peter"]
[Result "1/2-1/2"]
[WhiteElo "1539"]
[BlackElo "1644"]
[PlyCount "115"]
[EventDate "2012.06.16"]
[EventType "swiss"]
[EventRounds "9"]
[EventCountry "GER"]
[SourceTitle "EXT 2015"]
[Source "ChessBase"]
[SourceDate "2014.11.20"]
[SourceVersion "1"]
[SourceVersionDate "2014.11.20"]
[SourceQuality "1"]

1. d4 Nf6 2. Nf3 d5 3. e3 g6 4. Bd3 Bg7 5. 0-0 0-0 6. Nbd2 b6 7. Re1 c5 8. c3 c4 9. Bc2 Bb7 10. Qe2 e6 11. e4 dxe4 12. Nxe4 Nxe4 13. Bxe4 Bxe4 14. Qxe4 Na6 15. Bf4 Nc7 16. Be5 Bxe5 17. Nxe5 b5 18. a3 Nd5 19. g3 Rc8 20. Kg2 a5 21. Qe2 b4 22. cxb4 axb4 23. Nxc4 Nf4+ 24. gxf4 Qd5+ 25. Qf3 Qxc4 26. Red1 bxa3 27. bxa3 Rfd8 28. Qd3 Rd5 29. Qd2 Rcd8 30. Qa2 Qxa2 31. Rxa2 Rxd4 32. Rxd4 Rxd4 33. Kg3 Ra4 34. Kf3 Kg7 35. Ke3 Kf6 36. f3 Kf5 37. Ra1 Rxf4 38. a4 Rb4 39. a5 Ke5 40. a6 Rb3+ 41. Kd2 Rb8 42. Kc3 Kd5 43. a7 Ra8 44. Kd3 Kc6 45. Ke4 Kb7 46. Rb1+ Kxa7 47. Ra1+ Kb7 48. Rxa8 Kxa8 49. Ke5 g5 50. Kf6 h6 51. h3 Kb7 52. Kxf7 Kc6 53. Kxe6 Kc5 54. Ke5 Kc6 55. Kf5 Kd5 56. f4 gxf4 57. Kxf4 Ke6 58. Kg4 1/2-1/2

[Event "Bayern-ch Seniors 21st"]
[Site "Bergen"]
[Date "2009.06.28"]
[Round "9"]
[White "Fels, Karl Heinz"]
[Black "Erdmann, Wolfgang"]
[Result "1-0"]
[WhiteElo "1710"]
[BlackElo "1527"]
[PlyCount "74"]
[EventDate "2009.06.20"]
[EventType "swiss"]
[EventRounds "9"]
[EventCountry "GER"]
[SourceTitle "EXT 2015"]
[Source "ChessBase"]
[SourceDate "2014.11.20"]
[SourceVersion "1"]
[SourceVersionDate "2014.11.20"]
[SourceQuality "1"]

1. e4 d6 2. d4 Nf6 3. Nc3 g6 4. f3 Bg7 5. Be3 Nbd7 6. Qd2 Nb6 7. 0-0-0 e6 8. g4 Bd7 9. h4 h6 10. Nh3 d5 11. e5 Ng8 12. h5 g5 13. f4 f6 14. fxg5 fxe5 15. dxe5 Bxe5 16. gxh6 Qe7 17. g5 Qf8 18. Bd3 0-0-0 19. Rdf1 Qe8 20. g6 d4 21. Bg5 dxc3 22. bxc3 Bc6 23. Rhg1 Rd7 24. h7 Nd5 25. hxg8Q Qxg8 26. h6 Bxc3 27. Qf2 Kb8 28. Nf4 Nb4 29. h7 Nxd3+ 30. cxd3 Qd8 31. Ne2 Bg7 32. Bf6 Bxf6 33. Qxf6 Qe7 34. Qxh8+ Rd8 35. Qc3 Bb5 36. h8Q Be8 37. g7 Rxd3 1-0

[Event "Bayern-ch Seniors 21st"]
[Site "Bergen"]
[Date "2009.06.27"]
[Round "8"]
[White "Erdmann, Wolfgang"]
[Black "Wolfram, Gisbert"]
[Result "1/2-1/2"]
[WhiteElo "1527"]
[BlackElo "1646"]
[PlyCount "65"]
[EventDate "2009.06.20"]
[EventType "swiss"]
[EventRounds "9"]
[EventCountry "GER"]
[SourceTitle "EXT 2015"]
[Source "ChessBase"]
[SourceDate "2014.11.20"]
[SourceVersion "1"]
[SourceVersionDate "2014.11.20"]
[SourceQuality "1"]

1. d4 d5 2. Nf3 Nf6 3. e3 c6 4. Bd3 e6 5. 0-0 Bd6 6. b3 0-0 7. Bb2 Nbd7 8. Nbd2 c5 9. c3 Qc7 10. Rc1 e5 11. e4 b6 12. Qc2 Bb7 13. h3 Rac8 14. Rfe1 Qb8 15. Qb1 Rfe8 16. dxe5 Nxe5 17. Nxe5 Bxe5 18. Re2 Bf4 19. Rce1 Bxd2 20. Rxd2 Nxe4 21. Rde2 Nf6 22. Bc1 Rxe2 23. Rxe2 Re8 24. Be3 h6 25. f3 Qd8 26. Re1 Re7 27. Kf2 d4 28. cxd4 cxd4 29. Bd2 Rxe1 30. Qxe1 Ne8 31. Qe5 Nc7 32. Qf5 g6 33. Qe5 1/2-1/2

[Event "Bayern-ch Seniors 21st"]
[Site "Bergen"]
[Date "2009.06.25"]
[Round "6"]
[White "Erdmann, Wolfgang"]
[Black "Sandner, Josef"]
[Result "1-0"]
[WhiteElo "1527"]
[BlackElo "1456"]
[PlyCount "101"]
[EventDate "2009.06.20"]
[EventType "swiss"]
[EventRounds "9"]
[EventCountry "GER"]
[SourceTitle "EXT 2015"]
[Source "ChessBase"]
[SourceDate "2014.11.20"]
[SourceVersion "1"]
[SourceVersionDate "2014.11.20"]
[SourceQuality "1"]

1. d4 d5 2. Nf3 e6 3. e3 f5 4. Bb5+ c6 5. Be2 Nf6 6. Ne5 Bd6 7. Nf3 0-0 8. g3 Nbd7 9. Ng5 Qe7 10. f3 h6 11. Nh3 Nh7 12. Bd2 Rf7 13. Nc3 Nb6 14. b3 Bd7 15. Bd3 Raf8 16. Qe2 e5 17. dxe5 Bxe5 18. Nf2 Qf6 19. Nfd1 d4 20. exd4 Bxd4 21. Kf1 Re8 22. Qg2 Rfe7 23. Rb1 Ng5 24. Ne2 Bc5 25. h4 Nf7 26. b4 Bd6 27. c4 Bb8 28. f4 Be6 29. Rc1 Rd7 30. Bc3 Qd8 31. Bc2 Nxc4 32. Qf2 Bd5 33. Rh2 Be4 34. Nd4 Bxc2 35. Rxc2 Nfd6 36. Qg1 Ne4 37. Rhe2 Nxc3 38. Rxe8+ Qxe8 39. Rxc3 Nd2+ 40. Kg2 Qe4+ 41. Nf3 Nxf3 42. Rxf3 Qc2+ 43. Nf2 Qxa2 44. Qe1 Qf7 45. Re3 Kf8 46. Nd3 Qd5+ 47. Kh3 Rd8 48. Nc5 Kg8 49. Rd3 Qc4 50. Rxd8+ Kh7 51. Rxb8 1-0

[Event "Bayern-ch Seniors 21st"]
[Site "Bergen"]
[Date "2009.06.23"]
[Round "4"]
[White "Erdmann, Wolfgang"]
[Black "Nefzger, Franz"]
[Result "0-1"]
[WhiteElo "1527"]
[BlackElo "1590"]
[PlyCount "78"]
[EventDate "2009.06.20"]
[EventType "swiss"]
[EventRounds "9"]
[EventCountry "GER"]
[SourceTitle "EXT 2015"]
[Source "ChessBase"]
[SourceDate "2014.11.20"]
[SourceVersion "1"]
[SourceVersionDate "2014.11.20"]
[SourceQuality "1"]

1. d4 d5 2. Nf3 Nf6 3. e3 Bg4 4. Nbd2 e6 5. Bd3 Nbd7 6. h3 Bxf3 7. Nxf3 Bd6 8. c4 c5 9. cxd5 Nxd5 10. e4 Nc7 11. e5 Be7 12. Be3 cxd4 13. Bxd4 Bc5 14. Bc3 0-0 15. Bc4 Qe7 16. 0-0 Nb6 17. Bb3 Nb5 18. Ba5 Rfd8 19. Qe2 Nd4 20. Nxd4 Bxd4 21. Rfd1 Qc5 22. Bxb6 Qxb6 23. Kf1 g6 24. Rac1 Bc5 25. Bc4 a6 26. a3 Be7 27. Rxd8+ Rxd8 28. Rc3 Rd4 29. Rb3 Qc7 30. Rc3 Qd8 31. Bd3 b5 32. Qc2 Kg7 33. Ke2 Qd5 34. f3 Qxe5+ 35. Kf1 Bg5 36. Qe2 Qh2 37. Qf2 e5 38. Qg1 Qf4 39. Bc2 Qc1+ 0-1

[Event "Bayern-ch Seniors 21st"]
[Site "Bergen"]
[Date "2009.06.22"]
[Round "3"]
[White "Peiberg, Ehrhard"]
[Black "Erdmann, Wolfgang"]
[Result "1-0"]
[WhiteElo "1671"]
[BlackElo "1527"]
[PlyCount "45"]
[EventDate "2009.06.20"]
[EventType "swiss"]
[EventRounds "9"]
[EventCountry "GER"]
[SourceTitle "EXT 2015"]
[Source "ChessBase"]
[SourceDate "2014.11.20"]
[SourceVersion "1"]
[SourceVersionDate "2014.11.20"]
[SourceQuality "1"]

1. d4 d5 2. c4 c6 3. cxd5 cxd5 4. Nc3 e6 5. Nf3 Nc6 6. Bf4 Nf6 7. e3 Be7 8. Rc1 0-0 9. Bd3 h6 10. h3 Bd7 11. 0-0 Rc8 12. Ne5 Nxe5 13. Bxe5 a6 14. Bb1 b5 15. Qd3 g6 16. Ne2 Kh7 17. Rxc8 Qxc8 18. Rc1 Qb7 19. Rc7 Qb6 20. Bxf6 Bxf6 21. Rxd7 Qc6 22. Qxg6+ Kh8 23. Qh7# 1-0

[Event "Bayern-ch Seniors 20th"]
[Site "Bergen"]
[Date "2008.06.11"]
[Round "5.42"]
[White "Sobottka, Manfred"]
[Black "Erdmann, Wolfgang"]
[Result "0-1"]
[WhiteElo "1446"]
[BlackElo "1504"]
[PlyCount "40"]
[EventDate "2008.06.07"]
[EventType "swiss"]
[EventRounds "9"]
[EventCountry "GER"]
[SourceTitle "EXT 2022"]
[Source "ChessBase"]
[SourceDate "2021.10.06"]
[SourceVersion "1"]
[SourceVersionDate "2021.10.06"]
[SourceQuality "1"]

1. d4 d5 2. Nf3 Nf6 3. e3 e6 4. Bd3 Bd6 5. Nbd2 Nbd7 6. 0-0 0-0 7. Re1 e5 8. e4 Re8 9. dxe5 Nxe5 10. Nxe5 Bxe5 11. Nf1 dxe4 12. Bc4 Qxd1 13. Rxd1 Bg4 14. Re1 Rad8 15. Bg5 Rd4 16. Ne3 Bh5 17. h3 h6 18. Bxf6 Bxf6 19. c3 Rd2 20. Rad1 Bxd1 0-1

[Event "Bayern-ch Seniors 20th"]
[Site "Bergen"]
[Date "2008.06.09"]
[Round "3.26"]
[White "Boldt, Heinrich"]
[Black "Erdmann, Wolfgang"]
[Result "1-0"]
[WhiteElo "1791"]
[BlackElo "1504"]
[PlyCount "43"]
[EventDate "2008.06.07"]
[EventType "swiss"]
[EventRounds "9"]
[EventCountry "GER"]
[SourceTitle "EXT 2022"]
[Source "ChessBase"]
[SourceDate "2021.10.06"]
[SourceVersion "1"]
[SourceVersionDate "2021.10.06"]
[SourceQuality "1"]

1. d4 d5 2. Nf3 Nf6 3. Bg5 e6 4. e3 Nbd7 5. Bd3 b6 6. Nbd2 Bb7 7. Qe2 c5 8. c3 Be7 9. h3 Rc8 10. Bf4 h6 11. Ne5 Nxe5 12. Bxe5 Bd6 13. Nf3 0-0 14. 0-0-0 c4 15. Bb1 b5 16. Qc2 Ne4 17. Bxd6 Qxd6 18. Ne5 g6 19. f3 Nf6 20. Nxg6 Rfe8 21. g4 Qe7 22. Nxe7+ 1-0

[Event "Bad Woerishofen Seniors op 24th"]
[Site "Bad Woerishofen"]
[Date "2008.03.07"]
[Round "9"]
[White "Erdmann, Wolfgang"]
[Black "Roggenbach, Ottomar"]
[Result "1/2-1/2"]
[WhiteElo "1558"]
[BlackElo "1624"]
[PlyCount "27"]
[EventDate "2008.02.28"]
[EventType "swiss"]
[EventRounds "9"]
[EventCountry "GER"]
[SourceTitle "EXT 2022"]
[Source "ChessBase"]
[SourceDate "2021.10.06"]
[SourceVersion "1"]
[SourceVersionDate "2021.10.06"]
[SourceQuality "1"]

1. d4 Nf6 2. Nf3 b6 3. c4 e6 4. Nc3 Bb7 5. e3 c5 6. d5 d6 7. e4 e5 8. Qa4+ Qd7 9. Qxd7+ Nbxd7 10. Nb5 Ke7 11. Bd3 a6 12. Nc3 g6 13. 0-0 Bg7 14. Bd2 1/2-1/2

[Event "Bayern-ch Seniors 19th"]
[Site "Schloss Schney"]
[Date "2007.06.19"]
[Round "8"]
[White "Jakubowski, Karl"]
[Black "Erdmann, Wolfgang"]
[Result "0-1"]
[WhiteElo "1380"]
[BlackElo "1569"]
[PlyCount "97"]
[EventDate "2007.06.12"]
[EventType "swiss"]
[EventRounds "9"]
[EventCountry "GER"]
[SourceTitle "EXT 2008"]
[Source "ChessBase"]
[SourceDate "2007.11.25"]
[SourceVersion "1"]
[SourceVersionDate "2007.11.25"]
[SourceQuality "1"]

1. c4 Nf6 2. d4 c6 3. Nf3 d5 4. cxd5 cxd5 5. g3 Nc6 6. Bg2 e6 7. 0-0 Bd6 8. a3 Bd7 9. Nc3 a6 10. Bg5 h6 11. Bd2 Na5 12. b4 Nc4 13. e3 b5 14. Re1 0-0 15. Bf1 Rc8 16. Bxc4 Rxc4 17. Rc1 Qb8 18. Re2 Rfc8 19. Be1 R8c6 20. Rec2 Qc7 21. Qd3 Ne4 22. Nd2 Rxc3 23. Rxc3 Nxc3 24. Nb3 Na4 25. Rxc6 Qxc6 26. Nc5 Nxc5 27. dxc5 Be7 28. Bc3 Bf8 29. Qd4 Qc7 30. Qh4 Bc6 31. f4 Qe7 32. Qh3 g6 33. Be5 Bg7 34. Bd6 Qf6 35. Be5 Qf5 36. Qxf5 gxf5 37. Bxg7 Kxg7 38. Kf2 Kf6 39. Ke2 h5 40. Kf2 Kg6 41. Kf1 f6 42. Kf2 e5 43. Kf1 Kf7 44. Kf2 Ke6 45. Ke2 d4 46. h3 Kd5 47. fxe5 fxe5 48. exd4 Kxd4 49. Kd2 0-1

[Event "Bayern-ch Seniors 19th"]
[Site "Schloss Schney"]
[Date "2007.06.17"]
[Round "6"]
[White "Leuschner, Guenter"]
[Black "Erdmann, Wolfgang"]
[Result "1-0"]
[WhiteElo "1796"]
[BlackElo "1569"]
[PlyCount "81"]
[EventDate "2007.06.12"]
[EventType "swiss"]
[EventRounds "9"]
[EventCountry "GER"]
[SourceTitle "EXT 2008"]
[Source "ChessBase"]
[SourceDate "2007.11.25"]
[SourceVersion "1"]
[SourceVersionDate "2007.11.25"]
[SourceQuality "1"]

1. d4 d5 2. c4 c6 3. Nf3 Bf5 4. Nc3 Nf6 5. e3 h6 6. Be2 e6 7. 0-0 Nbd7 8. a3 Bd6 9. h3 0-0 10. Bd3 Bh7 11. Qc2 Re8 12. b3 Rc8 13. Bb2 Bb8 14. Rad1 Qc7 15. Bxh7+ Nxh7 16. e4 dxe4 17. Nxe4 Ndf6 18. Nxf6+ Nxf6 19. d5 Qe7 20. Bxf6 Qxf6 21. d6 Rcd8 22. c5 Rd7 23. Rfe1 g6 24. Ne5 Rdd8 25. Qd2 Qg7 26. Qf4 Rf8 27. Ng4 Kh7 28. Nf6+ Kh8 29. Re3 a6 30. h4 Ba7 31. b4 Ra8 32. g4 Rfd8 33. g5 h5 34. Ree1 Qf8 35. Qe5 Qg7 36. Qe4 Rac8 37. Qc2 Qf8 38. Rxe6 fxe6 39. Qxg6 Qg7 40. Qxh5+ Qh7 41. Qxh7# 1-0

[Event "Bayern-ch Seniors 19th"]
[Site "Schloss Schney"]
[Date "2007.06.13"]
[Round "2"]
[White "Romanow, Werner"]
[Black "Erdmann, Wolfgang"]
[Result "1-0"]
[WhiteElo "1997"]
[BlackElo "1569"]
[PlyCount "63"]
[EventDate "2007.06.12"]
[EventType "swiss"]
[EventRounds "9"]
[EventCountry "GER"]
[SourceTitle "EXT 2008"]
[Source "ChessBase"]
[SourceDate "2007.11.25"]
[SourceVersion "1"]
[SourceVersionDate "2007.11.25"]
[SourceQuality "1"]

1. c4 Nf6 2. g3 d5 3. Nf3 c6 4. Bg2 e6 5. Qc2 Nbd7 6. d4 Bd6 7. 0-0 0-0 8. Nbd2 Re8 9. b3 a6 10. Bb2 Nf8 11. Rfe1 Ng6 12. e4 dxe4 13. Nxe4 Be7 14. Rad1 Bd7 15. Re2 Nxe4 16. Qxe4 Bf6 17. h4 h6 18. Red2 Qc7 19. Bf1 Rad8 20. h5 Ne7 21. Ne5 Bc8 22. Ng4 b6 23. Nxf6+ gxf6 24. Qf3 f5 25. d5 Kh7 26. dxc6 Rxd2 27. Rxd2 Qxc6 28. Qc3 Rg8 29. Bg2 Qc7 30. Qf6 Ng6 31. hxg6+ fxg6 32. Be5 1-0